| 000 | 02006nam a2200397 c 4500 | ||
|---|---|---|---|
| 003 | BLK | ||
| 005 | 20180422105020.0 | ||
| 008 | 180409b bul|||||r ||||||| ||bul|| | ||
| 010 | _aKNG00100784000 | ||
| 020 |
_a954-426-332-2 _bиздат.: Анубис |
||
| 040 | _aBLK | ||
| 041 |
_aBUL _cBUL |
||
| 080 |
_aБългарски език _b811.163.2 _x(075.3) _z811.163.2(075.3) |
||
| 100 | 1 |
_aБояджиев, Тодор Апостолов _eпърви автор _9364499 |
|
| 700 | 1 |
_aПопова, Венче Спасова _e* _9363876 |
|
| 700 | 1 |
_aХристова, Искра Владимирова _e* _9280030 |
|
| 700 | 1 |
_aЖобов, Владимир Любенов _e* _968580 |
|
| 700 | 1 |
_aКолев, Георги Стоянов _e* _9368028 |
|
| 700 | 1 |
_aЯнакиева, Мирена Мирославова _e* _9280031 |
|
| 139 |
_aБългарски език _bБ 92 |
||
| 245 | 1 | 0 |
_aБългарски език _bЗа ХI кл. - задълж. и задълж. избираема подготовка _cТодор Апостолов Бояджиев; * Венче Спасова Попова; * Искра Владимирова Христова; * Владимир Любенов Жобов; * Георги Стоянов Колев; * Мирена Мирославова Янакиева. |
| 257 | _aBGR | ||
| 260 |
_аСофия _bАнубис _c2001 _fРусе : Дунав прес АД |
||
| 300 |
_a80 с. _bс ил. _c24 см |
||
| 380 | _a80 | ||
| 500 | _aДруги авт. : В. Попова, И. Христова, Вл. Жобов, Г. Колев, М. Янакиева. - Офс. изд. - Предм. показалец. | ||
| 650 | 4 |
_aБългарски език - учебници за средни училища _9246721 |
|
| 653 | _aбългарски език | ||
| 653 | _aХІ кл. | ||
| 653 | _aучебници за средни училища | ||
| 852 | _aЦб 211084 | ||
| 856 | 4 |
_qpdf _u |
|
| 856 | 4 |
_qpdf _u |
|
| 942 |
_cKNG _n0 _01 |
||
| 944 |
_aCR _c01.01.2001 _kЛюдмила_Стоянова |
||
| 944 |
_aED _c08.04.2005 _k |
||
| 999 |
_c95902 _d95902 |
||